Pierre S. du Pont and the making of the modern corporation

में बचाया:
ग्रंथसूची विवरण
मुख्य लेखक: Chandler, Alfred D.
स्वरूप: पुस्तक
भाषा:Undetermined
प्रकाशित: New York Harper and Row 1971
विषय:
टैग : टैग जोड़ें
कोई टैग नहीं, इस रिकॉर्ड को टैग करने वाले पहले व्यक्ति बनें!
Thư viện lưu trữ: Trung tâm Học liệu Trường Đại học Cần Thơ
LEADER 00538nam a2200181Ia 4500
001 CTU_81107
008 210402s9999 xx 000 0 und d
082 |a 338.8 
082 |b C456 
100 |a Chandler, Alfred D. 
245 0 |a Pierre S. du Pont and the making of the modern corporation 
245 0 |c Alfred D. Chandler, Stephen Salsbury 
260 |a New York 
260 |b Harper and Row 
260 |c 1971 
650 |a General motor corporate 
904 |i Trọng Hải 
980 |a Trung tâm Học liệu Trường Đại học Cần Thơ